| 000 | 01530cam a2200385 a 4500 | ||
|---|---|---|---|
| 001 | sjds36511 | ||
| 003 | sjds | ||
| 005 | 20220710135523.0 | ||
| 008 | 910709s1988 sp a db 000 1 spa d | ||
| 020 |
_a8486524741 (pbk. : lg. print : v. 1) : _c$5.25 |
||
| 020 | _a9788486524746 | ||
| 040 | _csjds | ||
| 041 | _aspa | ||
| 245 | 0 | 0 |
_aRelatos de mujeres : _b(1) / _cR. Chacel, M. T. Leon, M. Rodoreda, C.M. Gaite, A.Ma. Matute, L. Ortiz ; [seleccion, introduccion y notas, Beatriz Fernandez Casasnovas y Mercedes Iglesias Vicente] |
| 250 | _aLarge print ed. | ||
| 260 |
_aMadrid : _bPopular, _c[1988?]. |
||
| 300 |
_a94 p. : _bill. ; _c20 cm. |
||
| 490 | 1 |
_aLetra grande ; _v10 |
|
| 504 | _aIncludes bibliographical references. | ||
| 505 | _av. 1. Fueron testigos / Rosa Chacel -- Leteros en las vallas, Sistema pedagogico / Maria Teresa Leon -- La sala de munecas, El rio y la barca / Merce Rodoreda -- La trastienda de los ojos / Carmen Martin Gaite --El ausente, Pecado de omision / Ana Maria Matute --Salome / Lourdes Ortiz. | ||
| 650 | 0 |
_aWomen _vFiction. |
|
| 650 | 0 | _aShort stories, Spanish. | |
| 650 | 0 | _aSpanish language materials. | |
| 655 | 0 | _aLarge type books. | |
| 700 | 1 | _aFernandez Casasnovas, Beatriz. | |
| 700 | 1 | _aIglesias Vicente, Mercedes. | |
| 700 | 1 | _aChacel, Rosa | |
| 700 | 1 | _aLeon, Maria Teresa | |
| 700 | 1 | _aRodoreda, Merce | |
| 700 | 1 | _aMartÃn Gaite, Carmen | |
| 700 | 1 | _aMatute, Ana Maria | |
| 700 | 1 | _aOrtiz, Lourdes | |
| 830 | 0 |
_aLetra grande ; _v10. |
|
| 942 | _cBK | ||
| 999 |
_c27225 _d27225 |
||